| 000 | 00632nam a2200205 4500 | ||
|---|---|---|---|
| 003 | OSt | ||
| 005 | 20240724050107.0 | ||
| 006 | a | ||
| 008 | 240724b |||||||| |||| 00| 0 eng d | ||
| 020 | _a9789715848091 | ||
| 040 |
_aDWCL-Main lib. _cOC |
||
| 082 | _aFil. 647.95 P433f 2009 | ||
| 100 | _aPerdigon, Grace P. | ||
| 245 | _aFoodservice management in the Philippines / | ||
| 260 |
_aQuezon City : _bC & E Pub., Inc., _cc2009. |
||
| 300 |
_axxiii, _b191 p. : ill. (some col.) ; _c26 cm. |
||
| 504 | _aIncludes bibliographical references & index. | ||
| 650 | _a1. Food service - Management. | ||
| 942 |
_2ddc _n0 _cBK - FIL _kFil. |
||
| 999 |
_c2650 _d2650 |
||